| 000 | 00414nam a22001457a 4500 | ||
|---|---|---|---|
| 003 | OSt | ||
| 005 | 20160727222455.0 | ||
| 008 | 160705b xxu||||| |||| 00| 0 eng d | ||
| 040 | _cTEST | ||
| 100 |
_92150 _a Newman, J.E |
||
| 245 | _aHow to Stay Coal, Calm & Collected When the Pressures on | ||
| 260 |
_aN.Y _b Amacom. _c1992 |
||
| 300 | _aHow to Stay Coal, Calm & Collected When the Pressures on | ||
| 942 |
_2ddc _cBK |
||
| 999 |
_c1843 _d1843 |
||